Kansas City Chiefs Head Coaches - Statistics

General Stats
  • This quiz has been taken 159 times
  • The average score is 6 of 13
Answer Stats
Era Hint Answer % Correct
Kansas City Chiefs 2013-present Andy Reid
98%
Dallas Texans & Kansas City Chiefs 1960-1974 Hank Stram
81%
Kansas City Chiefs 1989-1998 Marty Schottenheimer
76%
Kansas City Chiefs 2001-2005 Dick Vermeil
62%
Kansas City Chiefs 2011-2012 Romeo Crennel
57%
Kansas City Chiefs 2009-2011 Todd Haley
41%
Kansas City Chiefs 1978-1982 Marv Levy
40%
Kansas City Chiefs 2006-2008 Herm Edwards
34%
Kansas City Chiefs 1999-2000 Gunther Cunningham
31%
Kansas City Chiefs 1987-1988 Frank Gansz
23%
Kansas City Chiefs 1983-1986 John Mackovic
19%
Kansas City Chiefs 1975-1977 Paul Wiggin
16%
Kansas City Chiefs 1977* Tom Bettis
14%
No matching quizzes found
Score Distribution
Percent of People with Each Score
Percentile by Number Answered
Your Score History
You have not taken this quiz